| 000 | 00628nam a2200229 i 4500 | ||
|---|---|---|---|
| 001 | bg | ||
| 100 | 1 | _aGRUNDY, Peter | |
| 245 | 1 | 0 |
_aNewspapers / _cPeter Grundy. |
| 260 |
_aOxford [et al.] : _bOxford Univ. Press, _c1993. |
||
| 300 |
_a132 s. : _bfaks., 2 fot., 1 rys. ; _c25 cm. |
||
| 490 | 1 | _aResource Books for Teachers | |
| 504 | _aBibliogr. s. 132. | ||
| 650 | 9 |
_aJęzyk angielski _xnauczanie |
|
| 830 | _aResource Books for Teachers | ||
| 020 | _a0194371921 | ||
| 040 | _cBPK | ||
| 041 | 0 | _aen | |
| 080 | _a372.881.111.1 | ||
| 920 | _a0-19-437192-1 | ||
| 942 | _cKS | ||
| 008 | s pl f |000 0 pol | ||
| 999 |
_c32765 _d32765 |
||
| 856 |
_uhttp://koha.tu.koszalin.pl/cgi-bin/koha/opac-detail.pl?biblionumber=32765 _yKatalog online BPK |
||